Democracy and Education (Record no. 6467)

MARC details
000 -LEADER
fixed length control field 00460nam a22001937a 4500
003 - CONTROL NUMBER IDENTIFIER
control field OSt
005 - DATE AND TIME OF LATEST TRANSACTION
control field 20240110112652.0
008 - FIXED-LENGTH DATA ELEMENTS--GENERAL INFORMATION
fixed length control field 200123b ||||| |||| 00| 0 eng d
020 ## - INTERNATIONAL STANDARD BOOK NUMBER
International Standard Book Number 0387325174
040 ## - CATALOGING SOURCE
Transcribing agency 040a
082 ## - DEWEY DECIMAL CLASSIFICATION NUMBER
Classification number 370.115 DEW 2008
100 ## - MAIN ENTRY--PERSONAL NAME
Personal name Dewey, John
9 (RLIN) 6461
245 ## - TITLE STATEMENT
Title Democracy and Education
260 ## - PUBLICATION, DISTRIBUTION, ETC. (IMPRINT)
Name of publisher, distributor, etc. Kessinger Publishing, 2008
300 ## - PHYSICAL DESCRIPTION
Extent 288p;
Dimensions 13 cm.
650 ## - SUBJECT ADDED ENTRY--TOPICAL TERM
Source of heading or term Democracy
650 ## - SUBJECT ADDED ENTRY--TOPICAL TERM
Source of heading or term Education
942 ## - ADDED ENTRY ELEMENTS (KOHA)
Source of classification or shelving scheme Dewey Decimal Classification
Koha item type Open Shelf
Holdings
Withdrawn status Lost status Source of classification or shelving scheme Damaged status Not for loan Home library Current library Date acquired Source of acquisition Inventory number Total Checkouts Full call number Barcode Date last seen Koha item type
    Dewey Decimal Classification     MUST Main Library MUST Main Library 23/01/2020 Donation 05/23453   370.115 DEW 2020-0095 23/01/2020 Open Shelf
    Dewey Decimal Classification     MUST Main Library MUST Main Library 10/01/2024 Purchase 05/23454   370.115 DEW 2008 2024-0010 10/01/2024 Open Shelf